000 00305nam a2200109Ia 4500
001 1276650
005 20260417160451.0
008 260417s9999 xx 000 0 und d
020 _a9789944699457
245 0 _aKayıp Kitaplıktaki İskelet 2: Yaşayan Ölüler
_cAytül Akal
260 _bTudem Yayınları
999 _c1276650
_d1276650